Prestação de serviços de assistência à saúde pelos municípios / (Record no. 915)

MARC details
000 -LÍDER
Campo Fixo de Controle 00831nam a2200265 a 4500
001 - NÚMERO DE CONTROLE
Campo de Controle 915
003 - IDENTIFICAÇÃO DO NÚMERO DE CONTROLE
Campo de Controle BR-CuiBMT
005 - DATA E HORA DA ÚLTIMA ATUALIZAÇÃO
Campo de Controle 20231122233707.0
008 - DADOS FIXOS
Dados Fixos 231122s2018 mgba 000 0 por d
020 ## - INTERNATIONAL STANDARD BOOK NUMBER
Nº do ISBN 9788545002505
040 ## - AGÊNCIA CATALOGADORA
Código da Agência Catalogadora BR-CuiBMT
Agência que transcreveu o registro BR-CuiBMT
080 ## - Nº DA CLASSIFICAÇÃO DECIMAL UNIVERSAL
Nº edição CDU 2007
Nº Class. CDU 342.7:614
090 ## - NÚMERO DE CHAMADA
Nº classificação 342.7:614
Cutter M278p
100 1# - ENTRADA PRINCIPAL -- AUTOR PESSOAL
Nome pessoal Mânica, Fernando Borges
245 ## - TÍTULO PRINCIPAL
Título principal Prestação de serviços de assistência à saúde pelos municípios /
Indicação de responsabilidade Fernando Borges Mânica ; prefácio, João Pedro Gebran Neto.
250 ## - EDIÇÃO
Edição 1. reimp.
260 ## - PUBLICAÇÃO, DISTRIBUIÇÃO, ETC.
Local de publicação Belo Horizonte :
Editora Fórum,
Data 2018.
300 ## - DESCRIÇÃO FÍSICA
N. páginas ou volumes 178 p.:
Ilustrações il.
Dimensões 22 cm
504 ## - NOTA DE BIBLIOGRAFIA, ETC.
Nota de bibliografia Inclui bibliografia.
650 ## - ASSUNTO TÓPICO
Cabeçalho tópico ou nome geográfico Administração dos serviços de saúde
650 ## - ASSUNTO TÓPICO
Cabeçalho tópico ou nome geográfico Direito administrativo
650 ## - ASSUNTO TÓPICO
Cabeçalho tópico ou nome geográfico Direito municipal
650 ## - ASSUNTO TÓPICO
Cabeçalho tópico ou nome geográfico Serviços públicos
942 ## - ELEMENTOS DE ENTRADA ADICIONAIS (KOHA)
Fonte de classificação ou esquema de arquivamento Classificação Decimal Universal
Tipo de item do Koha Livros
Holdings
Estado: removido Estado: perdido Fonte de classificação ou esquema de arquivamento Estado: danificado Indisponível para empréstimo Localização permanente Localização atual Data de aquisição Total Checkouts Número de Chamada completo Código de barras Date last seen Número do exemplar Preço efetivo a partir de Tipo de item (Koha)
    Classificação Decimal Universal     Biblioteca da Escola Superior de Contas do TCE/MT Biblioteca da Escola Superior de Contas do TCE/MT 22/11/2023   342.7:614 M278p BIBTCEMT23110908 22/11/2023 Ex. 1 22/11/2023 Livros

Powered by Koha